<?xml version="1.0" encoding="UTF-8"?>
<collection xmlns="http://www.loc.gov/MARC21/slim">
 <record>
  <leader>01099naa a2200229 i 4500</leader>
  <controlfield tag="001">acta67402</controlfield>
  <controlfield tag="005">20211004143715.0</controlfield>
  <controlfield tag="008">200415s2016    hu      o     0||   ger d</controlfield>
  <datafield tag="020" ind1=" " ind2=" ">
   <subfield code="a">978-963-306-490-0</subfield>
  </datafield>
  <datafield tag="022" ind1=" " ind2=" ">
   <subfield code="a">2064-4825</subfield>
  </datafield>
  <datafield tag="040" ind1=" " ind2=" ">
   <subfield code="a">SZTE Egyetemi Kiadványok Repozitórium</subfield>
   <subfield code="b">hun</subfield>
  </datafield>
  <datafield tag="041" ind1=" " ind2=" ">
   <subfield code="a">ger</subfield>
  </datafield>
  <datafield tag="100" ind1="1" ind2=" ">
   <subfield code="a">Orosz György</subfield>
  </datafield>
  <datafield tag="245" ind1="1" ind2="0">
   <subfield code="a">&quot;Das Gebet des sündigen Papstes&quot; </subfield>
   <subfield code="h">[elektronikus dokumentum] :</subfield>
   <subfield code="b">inhaltliche Analyse eines populären religiösen Lesestoffes aus dem Bereich der christlichen deutschen Volksfrömmigkeit /</subfield>
   <subfield code="c"> Orosz György</subfield>
  </datafield>
  <datafield tag="260" ind1=" " ind2=" ">
   <subfield code="c">2016</subfield>
  </datafield>
  <datafield tag="300" ind1=" " ind2=" ">
   <subfield code="a">282-306</subfield>
  </datafield>
  <datafield tag="490" ind1="0" ind2=" ">
   <subfield code="a">A vallási kultúrakutatás könyvei</subfield>
  </datafield>
  <datafield tag="490" ind1="0" ind2=" ">
   <subfield code="a">&quot;Dein Wort ist meines Fusses Leuchte und ein Licht auf meinem Weg&quot;: Russistische und germanistische Studien aus dem Bereich der christlichen Volksfrömmigkeit</subfield>
  </datafield>
  <datafield tag="650" ind1=" " ind2="4">
   <subfield code="a">Bölcsészettudományok</subfield>
  </datafield>
  <datafield tag="650" ind1=" " ind2="4">
   <subfield code="a">Filozófia, etika és vallástudományok</subfield>
  </datafield>
  <datafield tag="695" ind1=" " ind2=" ">
   <subfield code="a">Népi vallásosság, Ima - népi, Vallási néprajz, Kereszténység</subfield>
  </datafield>
  <datafield tag="856" ind1="4" ind2="0">
   <subfield code="u">http://acta.bibl.u-szeged.hu/67402/1/vallasi_kulturakutatas_konyvei_024_282-306.pdf</subfield>
   <subfield code="z">Dokumentum-elérés </subfield>
  </datafield>
 </record>
</collection>
